[Event "IECC M email"]
[Site "IECC email"]
[Date "1999.10.23"]
[Round "?"]
[White "Tomov, Bostjan"]
[Black "Simner, David"]
[Result "0-1"]
[WhiteElo "1068"]
[BlackElo "1109"]
[PlyCount "80"]
[EventDate "1999.??.??"]
[EventType "tourn (corr)"]
[EventRounds "6"]
[SourceTitle "Corr 2008"]
[Source "ChessBase"]
[SourceDate "2008.06.24"]
[SourceVersion "1"]
[SourceVersionDate "2008.06.24"]
[SourceQuality "1"]

1. e4 e5 2. d3 Nf6 3. Nf3 d5 4. exd5 Qxd5 5. Nc3 Bb4 6. Bd2 Bxc3 7. Bxc3 Bg4 8. Be2 Nc6 9. 0-0 0-0 10. Re1 Rae8 11. Ng5 Bxe2 12. Qxe2 Nd4 13. Qd1 c5 14. Rc1 Ra8 15. b3 Rad8 16. Re3 Rfe8 17. Qe1 h6 18. Ne4 Nxe4 19. Rxe4 f5 20. Re3 Qe6 21. f3 Qd6 22. Qf2 b6 23. Rce1 g5 24. f4 gxf4 25. Rh3 Kh7 26. Rf1 Rd7 27. Bxd4 cxd4 28. Rf3 Rc7 29. Re1 Rec8 30. Re2 a5 31. a4 Rc6 32. Kf1 e4 33. dxe4 fxe4 34. Rxf4 d3 35. cxd3 Rc1+ 36. Re1 Rxe1+ 37. Kxe1 Qxd3 38. Qd2 Qb1+ 39. Ke2 Rc2 40. Rf7+ Kg6 0-1